000 00393nam a22001697a 4500
003 OSt
008 240103b |||||||| |||| 00| 0 eng d
020 _a9789351611479
082 _a657
100 _aGUPTA,RL
245 _aPrinciples and Practice of Accountancy
250 _a14th Ed Rev
260 _aNew Delhi
_bS Chand
_c2021
300 _aMISC
700 _aGUPTA,VK
942 _2ddc
_cBK
999 _c12159
_d12159